Catálogo
 En Linea

Fromentin : (Registro nro. 35357)

Detalles MARC
000 -CABECERA
campo de control de longitud fija 00555nam a2200169 a 4500
001 - NÚMERO DE CONTROL
campo de control 000035866
005 - FECHA Y HORA DE LA ÚLTIMA TRANSACCIÓN
campo de control 20200930074658.0
008 - DATOS DE LONGITUD FIJA--INFORMACIÓN GENERAL
campo de control de longitud fija 111115s1914 fr ac 000 0 fre d
040 ## - FUENTE DE LA CATALOGACIÓN
Centro catalogador/agencia de origen DO-SdBNP
Lengua de catalogación fre
Centro/agencia transcriptor BNPHU
082 ## - NÚMERO DE LA CLASIFICACIÓN DECIMAL DEWEY
Número de clasificación xxxx
Número de documento/Ítem F931
245 00 - MENCIÓN DE TÍTULO
Título Fromentin :
Resto del título huit reproductions facsimile en couleurs.
260 ## - PUBLICACIÓN, DISTRIBUCIÓN, ETC.
Lugar de publicación, distribución, etc. Paris :
Nombre del editor, distribuidor, etc. Pierre Lafitte et Cie,
Fecha de publicación, distribución, etc. 1914.
300 ## - DESCRIPCIÓN FÍSICA
Extensión 80 p. :
Otras características físicas il., retr. ;
Dimensiones 20 cm.
490 1# - MENCIÓN DE SERIE
Mención de serie Les peintres illustres
Designación de volumen o secuencia 32
500 ## - NOTA GENERAL
Nota general En la cubierta: Artistic-bibliothéque en couleurs
830 #0 - PUNTO DE ACCESO ADICIONAL DE SERIE-TÍTULO UNIFORME
Título uniforme Les peintres illustres
Designación de volumen o secuencia 32
9 (RLIN) 61839
Existencias
Estado de retiro Estado de pérdida Restricciones de uso No para préstamo Código de colección Localización permanente Ubicación/localización actual Ubicación en estantería Fecha de adquisición Número de inventario Total de préstamos Signatura topográfica completa Código de barras Fecha visto por última vez Precio válido a partir de Tipo de ítem Koha
        Monografías: Libros y Folletos General General Orden iniciada 15.11.2011 LF1   xxxx F931 35866-10 25.06.2020 25.06.2020 No se presta

Con tecnología Koha